000 00643nam a2200253Ia 4500
003 OSt
005 20221005125836.0
006 a|||||r|||| 00| 0
007 ta
008 221004b |||||||| |||| 00| 0 hin d
024 _a53884
037 _cTextual
040 _aCRL
_cCRL
_bhin
041 _2hin
_ahin
082 _aO152,3M80w, 32M9
100 _aPurushothaman E.K.
_9637200
245 0 _aPrem Chand
260 _c1989
300 _a75p.
_ccm.
650 _a HINDI LITERATURE
_923866
650 _aHINDI FICTION
942 _hO152,3M80w, 32M9
_cTEXL
_2cc
999 _c1055261
_d1055261